Statistics for Star Wars Movies Quiz

Click here to take the quiz!

General Stats

  • This quiz has been taken 12 times
  • The average score is 10 of 11

Answer Stats

#Answer% Correct
4A New Hope
100%
6Return of the Jedi
100%
5The Empire Strikes Back
100%
2Attack of the Clones
89%
3Revenge of the Sith
89%
StoryRogue One
89%
StorySolo
89%
8The Last Jedi
89%
1The Phantom Menace
89%
7The Force Awakens
78%
9The Rise of Skywalker
78%

Score Distribution

Percentile by Number Answered

Percent of People with Each Score

Your Score History

You have not taken this quiz